Biblioteca

The neuroscience of religious experience (Registro nro. 63954)

Detalles MARC
000 -LÍDER
Campo fijo de descripción fija 01780cam a2200409 i 4500
001 - NÚMERO DE CONTROL
Campo de control 885225915
003 - IDENTIFICADOR DEL NÚMERO DE CONTROL
Campo de control CO-MdFUSB
005 - FECHA Y HORA DE LA ULTIMA TRANSACCIÓN
control field 20180622072747.0
008 - ELEMENTOS DE LONGITUD FIJA -- INFORMACIÓN GENERAL
Campo fijo de descripción fija -- Información general 140804t20142009nyud b 001 0 eng d
010 ## - NÚMERO DE CONTROL DE LA BIBLIOTECA DEL CONGRESO
Número de control LC 2009013025
020 ## - NÚMERO INTERNACIONAL NORMALIZADO PARA LIBROS
Número Internacional Normalizado del libro 1107428017 (pbk.)
020 ## - NÚMERO INTERNACIONAL NORMALIZADO PARA LIBROS
Número Internacional Normalizado del libro 9781107428010 (pbk.)
040 ## - FUENTE DE CATALOGACIÓN
Agencia de catalogación original YDXCP
Idioma de catalogación spa
Agencia que realiza la transcripción CO-MdFUSB
Agencia que realiza la modificación CO-MdFUSB
Convenciones de la descripción rda
041 ## - CÓDIGO DE IDIOMA
Código de idioma para texto/pista de sonido o título separado eng
082 ## - NÚMERO DE CLASIFICACIÓN DECIMAL DEWEY
Número de la edición del Dewey 24
Número de clasificación G 200.19
Clave de autor-Numero de item M478n
092 ## - LOCALLY ASSIGNED DEWEY CALL NUMBER (OCLC)
Classification number 200.19
Item number M2325n 2014
100 1# - ASIENTO PRINCIPAL--NOMBRE PERSONAL
Nombre personal McNamara, Patrick,
Fechas asociadas con el nombre 1956-
Término relacionador autor
245 04 - TÍTULO
Título del Material The neuroscience of religious experience
Mención de responsabilidad, etc. / Patrick McNamara
250 ## - MENCIÓN DE EDICIÓN
Mención de edición First paperback edition.
264 #1 - PRODUCCIÓN, PUBLICACIÓN, DISTRIBUCIÓN, MANUFACTURA, Y COPYRIGHT
Lugar de producción, publicación, distribución, manufactura New York, NY :
Nombre del productor, publicador, distribuidor Cambridge University Press,
Fecha de producción, publicación, distribución, manufactura, o copyright ℗2014
264 #4 - PRODUCCIÓN, PUBLICACIÓN, DISTRIBUCIÓN, MANUFACTURA, Y COPYRIGHT
Fecha de producción, publicación, distribución, manufactura, o copyright ©2009
300 ## - DESCRIPCIÓN FÍSICA
Extensión xvi, 301 páginas ;
Dimensiones 23 cm.
Otros detalles físicos :
336 ## - TIPO DE CONTENIDO
Término de tipo de contenido
Código de tipo de contenido
Fuente rdacontent.
337 ## - TIPO DE MEDIO
Nombre del tipo de medio
Código del tipo de medio
Fuente rdamedia.
338 ## - TIPO DE SOPORTE
Nombre del tipo de soporte
Código Tipo de soporte
Fuente rdacarrier.
500 ## - NOTA GENERAL
Nota General First published: 2009.
501 ## - NOTA DE “CON”
Nota de Contenido Incluye índice (p. 291- 301)
504 ## - NOTA DE BIBLIOGRAFÍA, ETC.
Nota de bibliografía, etc Bibliografía (p. 259- 289)
505 ## - NOTA DE CONTENIDO
Nota de contenido con formato preestablecido Dios y el yo -- Sobre el yo y el yo dividido -- Mecanismos y dinámica del descentramiento -- Neurología del yo -- Neurología de las experiencias religiosas -- Neuroquímica de la religiosidad -- La auto-transformación como función clave de la realización de la religión Prácticas -- Auto-transformación a través de la posesión del espíritu -- Conceptos de Dios -- Lenguaje religioso -- Ritual -- Desarrollo de la vida de la religiosidad y el yo -- La evolución del yo y la religión
650 #7 - ASIENTO SECUNDARIO DE MATERIA - TERMINO TEMÁTICO
Término temático o nombre geográfico como elemento de entrada Psicología y religión
9 (RLIN) 229
942 ## - TIPO DE MATERIAL (KOHA)
Tipo de Item KOHA Libros General
Existencias
Estado de Material Estado de Perdido Forma de Clasificación Estado de Dañado No para Préstamo Colección Biblioteca de Origen Biblioteca Permanente Fecha de Adquisición Total de Préstamos Signatura Topográfica Código de Barras Última vez visto Última vez Préstado Ejemplar/Existencia Fecha de Remplazo Tipo de Material
    Dewey Decimal Classification     Colección General Biblioteca FUSBC Biblioteca FUSBC 31/07/2017 1 G 200.19 M478n 4055 12/12/2019 16/03/2018 Ej. 1 31/07/2017 Libros General

Biblioteca FUSBC | Teléfono: (57+4) 349 88 10 Ext. 141| WhatsApp (+57) 3005338115 
E-mail: biblioteca@unisbc.edu.co | Calle 76 87-14 Robledo Palenque, Medellín, Colombia

Con tecnología Koha